| 000 | 00956nam a2200217 a 4500 | ||
|---|---|---|---|
| 005 | 20240924071437.0 | ||
| 008 | 991125s1972 pac 000 0 spa u | ||
| 035 | _aUPN01000038086 | ||
| 049 | _aCG | ||
| 050 | 4 |
_aLB1731 _bB4.5 |
|
| 100 | 1 | _aBeltrán González, Francisca | |
| 245 | 1 | 0 |
_aMemoria de la práctica profesional en la Escuela Rural Federal Miguel Hidalgo en el poblado de San Miguel Tlazintla, Municipio de Cardonal, Hgo. / _cFrancisca Beltrán González. |
| 260 |
_aPachuca : _bF. Beltrán González, _c1972. |
||
| 300 |
_a60 h. : _bgráfs. col., fots. + _eanexos |
||
| 500 | _a"Centro no. 12" | ||
| 500 | _a"Generación 1969-1972" | ||
| 502 | _aMemoria (Profra. de Educación Primaria) -- Dirección General de Mejoramiento Profesional del Magisterio, 1972 | ||
| 650 | 4 |
_aMaestros _xFormación profesional _9804 |
|
| 710 | 1 |
_aMéxico. _bDirección General de Capacitación y Mejoramiento Profesional del Magisterio _928116 |
|
| 905 | _aLibro | ||
| 999 |
_c38086 _d38086 |
||